Score 0/15 Timer 01:30
2 Plays Today
% Correct
Usain Bolt
89%
Florence Griffith-Joyner
74.1%
Mike Powell
63.6%
Jonathan Edwards
59.4%
Yelena Isinbayeva
47.8%
Javier Sotomayor
47.2%
Randy Barnes
46.5%
Wayde van Niekerk
45%
% Correct
Renaud Lavillenie
43.3%
Kendra Harrison
40.2%
Aries Merritt
40%
Genzebe Dibaba
37.6%
Barbora Špotáková
35.3%
Stefka Kostadinova
30.5%
Galina Chistyakova
26.4%

Today's Daily Dose

You're not logged in!

Compare scores with friends on all Sporcle quizzes.
OR
Log In

Sporcle TV

Today on Sporcle TV


Watch our educational content, quiz creation guides, and fun videos on Sporcle TV.

Show Comments

Extras

Top Quizzes Today


Score Distribution

Paid Content

Your Account Isn't Verified!

In order to create a playlist on Sporcle, you need to verify the email address you used during registration. Go to your Sporcle Settings to finish the process.

Report this User

Report this user for behavior that violates our Community Guidelines.

Details: